Financie
Saved in:
| Main Author: | |
|---|---|
| Corporate Author: | |
| Other Authors: | , , , , , , , , , , |
| Format: | Book |
| Language: | Slovak |
| Published: |
Bratislava
Wolters Kluwer
2015
|
| Edition: | 1. vyd. |
| Series: | Ekonómia
|
| Subjects: | |
| Tags: |
No Tags, Be the first to tag this record!
|
MARC
| LEADER | 00000nam a2200000 4500 | ||
|---|---|---|---|
| 001 | 0209287 | ||
| 005 | 20240502073457.7 | ||
| 020 | |a 978-80-8168-232-2 | ||
| 041 | 0 | |a slo | |
| 044 | |a SK | ||
| 245 | 1 | 0 | |a Financie |c Rudolf Sivák a kolektív ; recenzovali: Jozef Makúch, Petr Dvořák |
| 250 | |a 1. vyd. | ||
| 264 | 1 | |a Bratislava |b Wolters Kluwer |c 2015 | |
| 300 | |a 451 s. [30,89 AH] | ||
| 490 | 1 | |a Ekonómia | |
| 830 | 0 | |a Ekonómia | |
| 610 | 2 | 0 | |a financie |
| 610 | 2 | 0 | |a veda finančná |
| 610 | 2 | 0 | |a trh finančný |
| 610 | 2 | 0 | |a financie podnikové |
| 610 | 2 | 0 | |a banky |
| 610 | 2 | 0 | |a bankovníctvo |
| 610 | 2 | 0 | |a poistenie |
| 610 | 2 | 0 | |a poisťovníctvo |
| 610 | 2 | 0 | |a financie verejné |
| 610 | 2 | 0 | |a systémy sociálne |
| 610 | 2 | 0 | |a financie medzinárodné |
| 610 | 2 | 0 | |a Medzinárodný menový fond |
| 610 | 2 | 0 | |a Svetová banka |
| 100 | 1 | |a Sivák, Rudolf, 1955- | |
| 700 | 1 | |a Ochotnický, Pavol | |
| 700 | 1 | |a Beličková, Kornélia, 1966- | |
| 700 | 1 | |a Horvátová, Eva, 1958- | |
| 700 | 1 | |a Chovancová, Božena | |
| 700 | 1 | |a Jankovská, Anežka | |
| 700 | 1 | |a Kotlebová, Jana, 1969- | |
| 700 | 1 | |a Neubauerová, Erika, 1968- | |
| 700 | 1 | |a Pastoráková, Erika, 1972- | |
| 700 | 1 | |a Zubaľová, Alena, 1959- | |
| 700 | 1 | |a Makúch, Jozef, 1953- | |
| 700 | 1 | |a Dvořák, Petr | |
| 710 | 2 | |a Ekonomická univerzita v Bratislave | |